000 00783cab a2200217 4500
001 X3177
008 090401t1996 xxu||||| |||| 00| 0 eng d
035 _a(Sirsi) u28962
041 _aeng
245 _aR V SOS Environment and William Morrison Supermakret plc ex parte Kirkstall Valley Compaign Ltd
260 _c1996
350 _a0
490 _aNew Property Cases
_v1996 NPC 41
520 _aQBD 6 March 1996. Judicial review. Does non disclosure of members` peciniary or personal interest affect the grant or refusal of planning permission. (N.B. NO PHOTOCOPYING ALLOWED)
650 _aNON DISCLOSURE OF INTERESTS
650 _aPERSONAL INTEREST
650 _aPLANNING PERMISSION
690 _aPLANNING LAW AND PRACTICE-CASE LAW
942 _n0
948 _c04/03/1997
999 _c19488
_d19488